[Event "42nd Olympiad 2016"]
[Site "Baku AZE"]
[Date "2016.09.05"]
[Round "4.50"]
[Board "2"]
[White "Choukri, Adel"]
[Black "Ranaivoharisoa, Alain"]
[Result "1/2-1/2"]
[WhiteTitle "CM"]
[BlackTitle "IM"]
[WhiteElo "2269"]
[BlackElo "2169"]
[WhiteTeam "Morocco"]
[BlackTeam "Madagascar"]
[WhiteFideId "9000399"]
[BlackFideId "13100025"]
[EventDate "2016.09.02"]

1. d4 d5 2. c4 dxc4 3. e3 Nf6 4. Bxc4 e6 5. Nf3 a6 6. O-O c5 7. a4 Nc6 8. Nc3
Be7 9. dxc5 Qxd1 10. Rxd1 Bxc5 11. Ne1 Bd7 12. Nd3 Bd6 13. e4 Ne5 14. Bb3 Nxd3
15. Rxd3 Be5 16. f3 O-O 17. Be3 Bc6 18. Rad1 Bc7 19. Kf2 Rfd8 20. Bc2 Rxd3 21.
Bxd3 Rd8 22. g3 Ba5 23. Bc2 Rxd1 24. Nxd1 Nd7 25. Ke2 Bb4 26. Nf2 Kf8 27. Nd3
Bd6 28. Bd2 Bc7 29. Nb4 Nb8 30. Nxc6 Nxc6 31. Bd1 Ke7 32. f4 Ba5 33. Be3 Bb4 34.
Kd3 Kd7 35. Kc4 Be7 36. Bd2 Kc7 37. b4 Nb8 38. b5 Kb6 39. a5+ Kc7 40. b6+ Kc8
41. Ba4 Nd7 42. Bc3 g6 43. Bc2 Bc5 44. f5 Bg1 45. h3 Bf2 46. g4 Bg3 47. Kd3 Bd6
48. Ke3 Kd8 49. fxg6 fxg6 50. Bb3 Ke7 51. Kf3 g5 52. Bc2 Ne5+ 53. Ke3 Kd8 54.
Bd1 Ke7 55. Ke2 Kf7 56. Bd2 h6 57. Bc3 Ke7 58. Ba4 Kd8 59. Ke3 Bc5+ 60. Ke2 Bd6
61. Bd1 Ke7 62. Kd2 Kd8 63. Be2 Kd7 64. Kc2 Kd8 65. Kb3 Kd7 66. Be1 Ke7 67. h4
Kf6 68. h5 Kf7 69. Bc3 Ke7 70. Ka4 Kf6 71. Bd1 Ke7 72. Bd4 Kf7 73. Bc3 Ke7 74.
Be2 Kd7 75. Bd4 Ke7 76. Ba1 Kd7 77. Bb2 Ke7 78. Bc3 Kd7 79. Bd4 Ke7 80. Ba1 1/2-1/2

[Event "42nd Olympiad 2016"]
[Site "Baku AZE"]
[Date "2016.09.05"]
[Round "4.52"]
[Board "1"]
[White "Aderito, Pedro"]
[Black "Munoz Santana, Jose Lisandro"]
[Result "0-1"]
[WhiteTitle "IM"]
[BlackTitle "IM"]
[WhiteElo "2315"]
[BlackElo "2439"]
[WhiteTeam "Angola"]
[BlackTeam "Dominican Republic"]
[WhiteFideId "10100130"]
[BlackFideId "6400361"]
[EventDate "2016.09.02"]

1. Nf3 Nf6 2. c4 e6 3. Nc3 d5 4. d4 dxc4 5. e3 a6 6. a4 c5 7. Bxc4 Nc6 8. O-O
Be7 9. Qd3 O-O 10. Rd1 Qc7 11. Qe2 b6 12. h3 Bb7 13. Bd2 cxd4 14. exd4 Nb4 15.
Ne1 Rac8 16. Bb3 Rfd8 17. Rac1 Qb8 18. Bg5 h6 19. Be3 Nfd5 20. Nxd5 Nxd5 21.
Rxc8 Rxc8 22. Nd3 Bf6 23. Qg4 Nxe3 24. fxe3 Qd6 25. Qe2 a5 26. Qf2 Be4 27. Qf4
Qxf4 28. Nxf4 Kf8 29. Ne2 h5 30. Nc3 Bb7 31. Kf2 Ke7 32. Rd2 Bh4+ 33. Kf1 Ba6+
34. Nb5 Rc1+ 35. Rd1 Rc8 36. Rd3 Rc1+ 37. Rd1 Rc8 38. Rd3 Bg3 39. Rc3 Rb8 40.
Bd1 g6 41. Be2 Rc8 42. Rxc8 Bxc8 43. Na7 Bb7 44. Bf3 Bxf3 45. gxf3 Kd7 46. Ke2
g5 47. Nb5 f5 48. e4 Bf4 49. Kf2 Kc6 50. Na7+ Kd7 51. Nb5 Bc1 52. b3 Bd2 53. Kf1
Be3 54. Ke2 Bf4 55. Kf2 Bb8 56. Kg2 Kc6 57. Kf2 fxe4 58. fxe4 e5 59. d5+ Kc5 60.
Kf3 Kb4 61. d6 Bxd6 62. Nxd6 Kxb3 63. Nc8 Kxa4 64. Nxb6+ Kb3 65. Nd7 a4 66. Nc5+
Kb4 0-1

[Event "42nd Olympiad 2016"]
[Site "Baku AZE"]
[Date "2016.09.05"]
[Round "4.52"]
[Board "3"]
[White "Soares, Erikson Roberto Mauricio"]
[Black "Abreu Jean, Carlos Paul"]
[Result "0-1"]
[WhiteTitle "IM"]
[BlackTitle "FM"]
[WhiteElo "2274"]
[BlackElo "2326"]
[WhiteTeam "Angola"]
[BlackTeam "Dominican Republic"]
[WhiteFideId "10100091"]
[BlackFideId "6405525"]
[EventDate "2016.09.02"]

1. Nf3 Nf6 2. g3 d5 3. Bg2 e6 4. d4 Be7 5. c4 O-O 6. Nc3 c5 7. cxd5 exd5 8. O-O
Nc6 9. Bg5 cxd4 10. Nxd4 h6 11. Bf4 Be6 12. h3 Nxd4 13. Qxd4 Qd7 14. Kh2 Rfc8
15. Rad1 Bc5 16. Qe5 Re8 17. Bxh6 Bxh3 18. Qg5 Ng4+ 19. Kg1 Nxh6 20. Rxd5 Bxf2+
21. Rxf2 Qg4 22. Bxh3 Qxh3 23. Rd4 Qe6 24. Nd5 Qe5 25. Nf6+ Kh8 26. Qxe5 Rxe5
27. Ng4 Nxg4 28. Rxg4 f6 29. Rc4 Re7 30. Rh2+ Kg8 31. Kf2 Rd8 32. Rc2 Kf7 33.
Rh4 Rd5 34. Rhc4 Rf5+ 35. Kg2 Rfe5 36. Kf2 Kg6 37. Rg4+ Kh5 38. Rgc4 b6 39. Rd4
Kg5 40. Rcd2 f5 41. b3 g6 42. Kf3 R7e6 43. Kf2 a6 44. Rd5 Re4 45. R5d4 Kg4 46.
Kg2 g5 47. Rxe4+ Rxe4 48. Kf2 f4 49. gxf4 Rxf4+ 50. Ke3 Rf6 51. Ke4 Re6+ 52. Kd5
Kf5 53. a4 g4 54. b4 g3 55. Rd3 g2 56. Rf3+ Kg4 57. Kxe6 g1=Q 58. Rd3 Kf4 59.
Kd6 a5 60. bxa5 Qc5+ 61. Kd7 bxa5 62. Ke6 Qc6+ 63. Rd6 Qxa4 64. e4 Kxe4 0-1

[Event "42nd Olympiad 2016"]
[Site "Baku AZE"]
[Date "2016.09.05"]
[Round "4.63"]
[Board "3"]
[White "Chinasamy, Devarajen"]
[Black "Pang, Yui Kuen"]
[Result "0-1"]
[WhiteTitle "CM"]
[WhiteElo "2018"]
[BlackElo "1963"]
[WhiteTeam "Mauritius"]
[BlackTeam "Hong Kong"]
[WhiteFideId "9700072"]
[BlackFideId "6001890"]
[EventDate "2016.09.02"]

1. e4 d6 2. d4 c6 3. Nc3 Nf6 4. Be3 Qa5 5. f3 g6 6. Ne2 Bg7 7. Nc1 O-O 8. Nb3
Qc7 9. Qd2 b5 10. Bh6 Nbd7 11. Bxg7 Kxg7 12. Be2 Nb6 13. Na5 a6 14. b4 c5 15. a3
cxd4 16. Qxd4 e5 17. Qd2 Be6 18. Bd3 Rac8 19. Ne2 Nc4 20. Bxc4 Bxc4 21. Nxc4
Qxc4 22. Qxd6 Rfd8 23. Qxe5 Qxc2 24. Kf2 Rd2 25. Rhe1 Qd3 26. Qf4 Rcc2 27. Qe3
Rxe2+ 28. Rxe2 Rxe2+ 29. Qxe2 Qd4+ 30. Qe3 Qxa1 31. g4 Qe5 32. Kg2 Nd5 33. Qd2
Nf4+ 34. Kf2 g5 35. Kf1 Qa1+ 36. Kf2 Qxa3 37. Qd4+ Kg6 38. Qd2 Qxb4 0-1

[Event "42nd Olympiad 2016"]
[Site "Baku AZE"]
[Date "2016.09.05"]
[Round "4.67"]
[Board "3"]
[White "Sanches, Casanova Romario"]
[Black "Sabar, Ethmane Daouda"]
[Result "1-0"]
[WhiteTitle "CM"]
[BlackTitle "CM"]
[WhiteElo "2082"]
[BlackElo "2063"]
[WhiteTeam "Surinam"]
[BlackTeam "Mauritania"]
[WhiteFideId "8200211"]
[BlackFideId "19600097"]
[EventDate "2016.09.02"]

1. e4 e5 2. Bc4 Nf6 3. d3 d5 4. exd5 Nxd5 5. Nf3 Nc6 6. O-O Be7 7. Re1 O-O 8.
Nc3 Nxc3 9. bxc3 Bf6 10. Nd2 Na5 11. Bb5 c6 12. Ba4 b5 13. Bb3 Nxb3 14. axb3 g6
15. Qf3 Bd7 16. Ne4 Be7 17. Ba3 f5 18. Nc5 Bxc5 19. Bxc5 Re8 20. Bxa7 e4 21.
dxe4 fxe4 22. Qe3 Qh4 23. Bd4 Bf5 24. h3 g5 25. c4 Qf4 26. Qc3 Bg6 27. cxb5 cxb5
28. Rxa8 Rxa8 29. Qc6 Rd8 30. Be3 Qf5 31. Qc7 Rc8 32. Qe7 Re8 33. Qxg5 Qxg5 34.
Bxg5 Rc8 35. Rc1 e3 36. Bxe3 Bxc2 37. b4 Kf7 38. Bc5 Bd3 39. Rd1 Rd8 40. Re1 Rd7
41. Kh2 Kf6 42. g4 Bc4 43. Kg3 Rd3+ 44. Re3 Rxe3+ 45. Bxe3 Bf1 46. f4 Be2 47.
Bd4+ Kg6 48. Kh4 Bf1 49. f5+ Kf7 50. Kg3 Bd3 51. Kf4 Bf1 52. h4 Be2 53. Kg5 Bd1
54. h5 Be2 55. Kh4 Bd3 56. Kg5 Be2 57. Kf4 Bd1 58. h6 Kg8 59. g5 Bh5 60. Bf6 Be8
61. Ke5 Bf7 62. Kd6 Be8 63. Ke7 Bh5 64. Bd4 Bg4 65. Kf6 Bh5 66. g6 Bg4 67. Kg5
Bh3 68. f6 1-0

[Event "42nd Olympiad 2016"]
[Site "Baku AZE"]
[Date "2016.09.05"]
[Round "4.81"]
[Board "3"]
[White "Hardan, Hamid Musallem"]
[Black "Dempsey, John"]
[Result "1-0"]
[WhiteElo "1914"]
[BlackElo "1952"]
[WhiteTeam "Oman"]
[BlackTeam "US Virgin Isles"]
[WhiteFideId "22000534"]
[BlackFideId "2402076"]
[EventDate "2016.09.02"]

1. e4 c5 2. Nf3 g6 3. c3 Bg7 4. d4 cxd4 5. cxd4 d5 6. e5 Nh6 7. Nc3 Bg4 8. Be2
O-O 9. Qb3 Nc6 10. Be3 Nf5 11. Rd1 Nxe3 12. fxe3 e6 13. O-O Qd7 14. Nb5 f6 15.
h3 Bxf3 16. Bxf3 fxe5 17. dxe5 Nxe5 18. Be2 a6 19. Nd4 Rxf1+ 20. Bxf1 Nc6 21.
Nf3 Rc8 22. e4 d4 23. Bc4 Re8 24. Ng5 Nd8 25. Rf1 h6 26. Nf3 Nc6 27. Bd3 Be5 28.
Rc1 Kg7 29. Rxc6 Qxc6 30. Nxe5 Qc1+ 31. Bf1 Rf8 32. Qxb7+ Kg8 33. Qxa6 Qe3+ 34.
Kh1 Qf4 35. Qxe6+ 1-0

[Event "42nd Olympiad 2016"]
[Site "Baku AZE"]
[Date "2016.09.06"]
[Round "5.3"]
[Board "1"]
[White "Ivanisevic, Ivan"]
[Black "Caruana, Fabiano"]
[Result "1/2-1/2"]
[WhiteTitle "GM"]
[BlackTitle "GM"]
[WhiteElo "2650"]
[BlackElo "2808"]
[WhiteTeam "Serbia"]
[BlackTeam "United States of America"]
[WhiteFideId "912417"]
[BlackFideId "2020009"]
[EventDate "2016.09.02"]

1. d4 e6 2. c4 Bb4+ 3. Bd2 a5 4. g3 Nc6 5. Bg2 d6 6. e3 e5 7. d5 Bxd2+ 8. Qxd2
Nb8 9. Nc3 Na6 10. Nge2 Nf6 11. h3 Nc5 12. g4 Ng8 13. Ng3 Qh4 14. O-O-O Bd7 15.
Nce4 Nxe4 16. Bxe4 g6 17. Bc2 Ne7 18. Rdg1 f5 19. f4 e4 20. Qc3 Rf8 21. Ne2 Qf6
22. Nd4 Kf7 23. g5 Qg7 24. h4 a4 25. h5 c5 26. dxc6 bxc6 27. Rd1 c5 28. Ne2 Ra6
29. Qxg7+ Kxg7 30. Nc3 Rb8 31. Rd2 Be6 32. h6+ Kf7 33. Rhd1 Nc8 34. Bxa4 Bxc4
35. Bd7 Ke7 36. Bxc8 Rxc8 37. b3 Bd3 38. Kb2 Ke6 39. Rxd3 exd3 40. Rxd3 c4 41.
Rd4 cxb3 42. axb3 Rca8 43. Rc4 Ra1 44. Rc7 R8a7 45. Rxh7 Rxh7 46. Kxa1 Rb7 47.
Kb2 Rb8 48. Kc2 Rb7 49. Nb1 Kd5 50. Nd2 Rc7+ 51. Kd3 Rb7 52. Kc3 Rc7+ 53. Nc4
Rb7 54. Nd2 Rc7+ 55. Kd3 Rc1 56. b4 Rd1 57. Ke2 Rh1 58. Nf1 Kc4 59. Kf2 Kxb4 60.
Kg2 Rh5 61. Nh2 Kc5 62. Nf3 Kd5 63. Kg3 Ke6 64. Nd4+ Kf7 65. Nb5 Ke7 66. Kg2 Rh4
67. Nc7 Kf7 68. Nd5 Rg4+ 69. Kf3 Rg1 70. Ke2 Ra1 71. Nc3 Ra5 72. Kd3 Rc5 73. Kd4
Ra5 74. Kc4 1/2-1/2

[Event "42nd Olympiad 2016"]
[Site "Baku AZE"]
[Date "2016.09.06"]
[Round "5.3"]
[Board "3"]
[White "Sedlak, Nikola"]
[Black "So, Wesley"]
[Result "0-1"]
[WhiteTitle "GM"]
[BlackTitle "GM"]
[WhiteElo "2537"]
[BlackElo "2782"]
[WhiteTeam "Serbia"]
[BlackTeam "United States of America"]
[WhiteFideId "922900"]
[BlackFideId "5202213"]
[EventDate "2016.09.02"]

1. d4 Nf6 2. Nf3 d5 3. Bf4 c5 4. e3 Nc6 5. Nbd2 e6 6. c3 Bd6 7. Bg3 O-O 8. Bd3
b6 9. Qe2 Bb7 10. Rd1 Re8 11. e4 Be7 12. e5 Nh5 13. a3 g6 14. Nf1 f5 15. exf6
Bxf6 16. Ne3 e5 17. dxe5 Nxe5 18. Nxe5 Nxg3 19. hxg3 Rxe5 20. Bc4 b5 21. Bxb5
Qb6 22. O-O Kg7 23. Bd3 Bg5 24. c4 Rae8 25. cxd5 Rxe3 26. fxe3 Bxe3+ 27. Rf2 c4
28. Bxc4 Rf8 29. Rf1 Qd4 30. b3 h5 31. d6 h4 32. Kh1 Rxf2 33. Rxf2 hxg3 34. Rf7+
Kh6 0-1

[Event "42nd Olympiad 2016"]
[Site "Baku AZE"]
[Date "2016.09.06"]
[Round "5.5"]
[Board "2"]
[White "Laznicka, Viktor"]
[Black "Lenic, Luka"]
[Result "1/2-1/2"]
[WhiteTitle "GM"]
[BlackTitle "GM"]
[WhiteElo "2651"]
[BlackElo "2622"]
[WhiteTeam "Czech Republic"]
[BlackTeam "Slovenia"]
[WhiteFideId "316385"]
[BlackFideId "14603853"]
[EventDate "2016.09.02"]

1. d4 Nf6 2. c4 e6 3. Nf3 d5 4. Nc3 c6 5. e3 Nbd7 6. b3 Ne4 7. Nxe4 dxe4 8. Nd2
f5 9. Bb2 Bd6 10. c5 Bb8 11. Qh5+ g6 12. Qh6 Nf6 13. f3 Qe7 14. O-O-O Bd7 15.
Be2 exf3 16. gxf3 Nd5 17. Nc4 Bc7 18. Kb1 O-O-O 19. Rhe1 Rhf8 20. Bf1 Nf6 21.
Qh4 Nd5 22. Qf2 g5 23. Qd2 Be8 24. Ba3 Bg6 25. Nd6+ Rxd6 26. cxd6 Bxd6 27. Bxd6
Qxd6 28. e4 Nf4 29. Qa5 Kb8 30. Qc5 Rd8 31. Qxd6+ Rxd6 32. exf5 exf5 33. Rd2 Bh5
34. Re3 Nd5 35. Re5 Bxf3 36. Bg2 Bh5 37. Bxd5 Rxd5 38. Rxd5 cxd5 39. Rc2 Bf3 40.
Kc1 h5 41. Rf2 g4 42. Kd2 Be4 43. Ke3 Kc7 44. Kf4 h4 45. Rf1 Kb6 46. Rc1 a5 47.
Kg5 h3 48. Kf4 Kb5 49. a3 b6 1/2-1/2

[Event "42nd Olympiad 2016"]
[Site "Baku AZE"]
[Date "2016.09.06"]
[Round "5.9"]
[Board "3"]
[White "Svetushkin, Dmitry"]
[Black "Bartel, Mateusz"]
[Result "1-0"]
[WhiteTitle "GM"]
[BlackTitle "GM"]
[WhiteElo "2543"]
[BlackElo "2646"]
[WhiteTeam "Moldova"]
[BlackTeam "Poland"]
[WhiteFideId "13900463"]
[BlackFideId "1112635"]
[EventDate "2016.09.02"]

1. e4 c5 2. Nf3 d6 3. Bb5+ Nd7 4. c3 Nf6 5. Qe2 a6 6. Ba4 e6 7. O-O Be7 8. d4 b5
9. Bc2 Bb7 10. Re1 O-O 11. Nbd2 cxd4 12. cxd4 Rc8 13. Nf1 Nh5 14. a4 bxa4 15.
Rxa4 e5 16. Bd3 a5 17. Bd2 Nf4 18. Bxf4 exf4 19. Qd2 d5 20. e5 Bb4 21. Rxb4 axb4
22. Qxf4 Rc6 23. Ng3 Ba6 24. Bb1 Bc8 25. h4 Nb6 26. Nh5 Rh6 27. g4 Be6 28. Kg2
Nd7 29. Ng3 f6 30. Nf5 Bxf5 31. gxf5 Qb8 32. Kh3 Nb6 33. Rg1 Kh8 34. Qg3 Rg8 35.
e6 g5 36. Qxb8 Rxb8 37. Bd3 Rg8 38. Ba6 Nc8 39. Bxc8 Rxc8 40. h5 Rxh5+ 41. Kg4
Rh6 42. Ra1 Rc7 43. Ra8+ Kg7 44. Rd8 Re7 45. Rxd5 Rh1 46. Rd8 h5+ 47. Kg3 g4 48.
d5 1-0

[Event "42nd Olympiad 2016"]
[Site "Baku AZE"]
[Date "2016.09.06"]
[Round "5.24"]
[Board "1"]
[White "Sadorra, Julio Catalino"]
[Black "Solomon, Kenny"]
[Result "1-0"]
[WhiteTitle "GM"]
[BlackTitle "GM"]
[WhiteElo "2560"]
[BlackElo "2371"]
[WhiteTeam "Philippines"]
[BlackTeam "South Africa"]
[WhiteFideId "5201268"]
[BlackFideId "14300192"]
[EventDate "2016.09.02"]

1. d4 Nf6 2. c4 e6 3. Nc3 Bb4 4. e3 O-O 5. Ne2 d5 6. a3 Bd6 7. Ng3 c5 8. dxc5
Bxc5 9. b4 Be7 10. cxd5 exd5 11. Bd3 Nc6 12. Nce2 a5 13. b5 Ne5 14. Bb2 Nc4 15.
Bc3 Bd7 16. a4 Re8 17. O-O Rc8 18. Rc1 Be6 19. Nf4 Nd6 20. Bb1 Bf8 21. Qd3 g6
22. Bxf6 Qxf6 23. Nxd5 Bxd5 24. Qxd5 Rxc1 25. Rxc1 Qb2 26. Rd1 Rc8 27. Nf1 Rc1
28. Rxc1 Qxc1 29. Ba2 Qc2 30. Bb3 Qe4 31. Nd2 Qxd5 32. Bxd5 b6 33. e4 Kg7 34.
Kf1 Be7 35. Nf3 f6 36. Nd4 Ne8 37. Ne6+ Kh8 38. Bc6 Nd6 39. Ke2 Nf7 40. f4 Nd8
41. Nc7 Kg7 42. Kd3 Bc5 43. e5 fxe5 44. fxe5 Kf8 45. Ke4 Bg1 46. h3 Bh2 47. Nd5
Bg1 48. Nf6 Ke7 49. Bd5 h5 50. g3 Bh2 51. g4 hxg4 52. hxg4 Bg1 53. Nh7 Bc5 54.
Ng5 Kd7 55. Nf3 Be7 56. e6+ Nxe6 57. Ne5+ Kd6 58. Nc4+ Kc5 59. Bxe6 Bd8 60. Ne5
g5 61. Nd3+ Kd6 62. Kf5 Be7 63. Bb3 1-0

[Event "42nd Olympiad 2016"]
[Site "Baku AZE"]
[Date "2016.09.06"]
[Round "5.28"]
[Board "3"]
[White "Ebeling, Daniel"]
[Black "Wagener, Claude"]
[Result "1-0"]
[WhiteTitle "IM"]
[BlackTitle "FM"]
[WhiteElo "2468"]
[BlackElo "2295"]
[WhiteTeam "Finland"]
[BlackTeam "Luxembourg"]
[WhiteFideId "505170"]
[BlackFideId "4000471"]
[EventDate "2016.09.02"]

1. e4 c5 2. Nf3 e6 3. c3 d5 4. exd5 exd5 5. d4 Nc6 6. Bb5 Bd6 7. O-O Ne7 8. dxc5
Bxc5 9. Nbd2 O-O 10. Nb3 Bd6 11. Bd3 h6 12. h3 Nf5 13. Bc2 Re8 14. Qd3 g6 15.
Rd1 Bc7 16. Qxd5 Qxd5 17. Rxd5 Nh4 18. Nbd2 Be6 19. Rd3 Nxf3+ 20. Nxf3 Bf5 21.
Rd2 Bf4 22. Rd5 Bxc2 23. Bxf4 g5 24. Be3 Be4 25. Rd7 b6 26. Rd6 Re6 27. Rxe6
fxe6 28. Rd1 Rd8 29. Rxd8+ Nxd8 30. Nd2 Bd3 31. f4 Nf7 32. fxg5 hxg5 33. Nf3 Be4
34. Nxg5 Nxg5 35. Bxg5 b5 36. Kf2 Bd5 37. b3 Kf7 38. Be3 a6 39. Bd4 Kg6 40. g4
a5 41. Kg3 a4 42. bxa4 bxa4 43. a3 Bc4 44. h4 Be2 45. Kf4 Bc4 46. Ke3 Bb3 47.
Be5 Bd1 48. Kf4 Be2 49. Bd6 Kf6 50. h5 Kg7 51. Kg5 Bd3 52. Be5+ Kh7 53. Kh4 Be2
54. g5 1-0

[Event "42nd Olympiad 2016"]
[Site "Baku AZE"]
[Date "2016.09.06"]
[Round "5.30"]
[Board "2"]
[White "Pancevski, Filip"]
[Black "Cori, Jorge"]
[Result "0-1"]
[WhiteTitle "IM"]
[BlackTitle "GM"]
[WhiteElo "2503"]
[BlackElo "2609"]
[WhiteTeam "FYROM"]
[BlackTeam "Peru"]
[WhiteFideId "15002187"]
[BlackFideId "3802272"]
[EventDate "2016.09.02"]

1. e4 c5 2. Nf3 d6 3. Bb5+ Bd7 4. Bxd7+ Qxd7 5. c4 g6 6. Nc3 Bg7 7. d4 cxd4 8.
Nxd4 Nf6 9. f3 O-O 10. Bg5 Nc6 11. Nde2 Rfc8 12. O-O a6 13. a4 h6 14. Bh4 Qd8
15. Kh1 Nd7 16. b3 Nc5 17. Rb1 Rab8 18. Qd2 g5 19. Bf2 Ne5 20. Be3 Qd7 21. Nd4
e6 22. Nde2 Qe7 23. Ng3 Kh7 24. Nh5 Bh8 25. Qc2 Ncd7 26. Ba7 Ra8 27. Bd4 Rab8
28. Qd2 Rg8 29. Rbd1 Rbd8 30. Qc2 Nb8 31. Rd2 Rd7 32. Bb6 Ng6 33. Ne2 Nc6 34.
Rfd1 Rc8 35. Bc5 Rcd8 36. Ba3 Nce5 37. Qc1 Qf8 38. Bb2 Qe7 39. Qa1 Rb8 40. Nd4
Rbd8 41. Qb1 g4 42. fxg4 Qh4 43. Ng3 Qxg4 44. Rf1 Rg8 45. Qd1 Qxd1 46. Rfxd1 Nf4
47. Nf3 Nxf3 48. gxf3 Bxb2 49. Rxb2 f6 50. e5 fxe5 51. Ne4 Rg6 52. Rxd6 Rdg7 53.
Rd1 Nh3 54. Rbb1 h5 55. b4 Kh6 56. b5 axb5 57. axb5 h4 58. c5 Rg2 59. Re1 Rc2
60. Rbc1 Rb2 61. Rb1 Ra2 62. Ra1 Rc2 63. Rac1 Rd2 64. Rcd1 Rb2 65. Rb1 Rgg2 66.
Rxb2 Rxb2 67. b6 Rc2 68. Rb1 Ng5 69. Nxg5 Kxg5 70. Rg1+ Kf4 71. h3 Rxc5 72. Rg7
Rb5 73. Rxb7 Kxf3 74. Kg1 Rb1+ 75. Kh2 Rb2+ 76. Kg1 Rb1+ 77. Kh2 e4 78. Rf7+ Ke2
79. b7 e3 80. Re7 Kd2 81. Rd7+ Ke1 82. Kg2 e2 83. Rc7 Kd2 0-1

[Event "42nd Olympiad 2016"]
[Site "Baku AZE"]
[Date "2016.09.06"]
[Round "5.43"]
[Board "1"]
[White "Kayonde, Andrew"]
[Black "Gruenfeld, Yehuda"]
[Result "1/2-1/2"]
[WhiteTitle "IM"]
[BlackTitle "GM"]
[WhiteElo "2422"]
[BlackElo "2451"]
[WhiteTeam "Zambia"]
[BlackTeam "ICCD"]
[WhiteFideId "8700281"]
[BlackFideId "2800020"]
[EventDate "2016.09.02"]

1. d4 Nf6 2. c4 e6 3. Nc3 Bb4 4. e3 O-O 5. Ne2 Re8 6. a3 Bf8 7. g3 d5 8. cxd5
exd5 9. Bg2 a5 10. O-O c6 11. h3 Na6 12. Nf4 h6 13. Qc2 b5 14. Nce2 Bd7 15. b3
Rc8 16. Bb2 Bd6 17. g4 Bb8 18. Ng3 Qe7 19. Qd2 Bc7 20. Nfh5 Nxh5 21. Nxh5 g6 22.
Nf4 Qd6 23. Rfe1 f5 24. f3 Rf8 25. Bh1 g5 26. Nd3 Qg3+ 27. Qg2 fxg4 28. fxg4 h5
29. Qxg3 Bxg3 30. Re2 hxg4 31. hxg4 Rce8 32. e4 Nc7 33. Ne5 Bxe5 34. dxe5 Rf4
35. exd5 Nxd5 36. Bxd5+ cxd5 37. Rc1 d4 38. Rc5 Rxg4+ 39. Rg2 d3 40. Rxg4 Bxg4
41. Bc1 Rc8 42. Rxc8+ Bxc8 43. Bxg5 Be6 44. Bd2 1/2-1/2

[Event "42nd Olympiad 2016"]
[Site "Baku AZE"]
[Date "2016.09.06"]
[Round "5.46"]
[Board "3"]
[White "Hague, Ben"]
[Black "Alfaro, William"]
[Result "1-0"]
[WhiteTitle "FM"]
[BlackTitle "FM"]
[WhiteElo "2341"]
[BlackElo "2188"]
[WhiteTeam "New Zealand"]
[BlackTeam "Nicaragua"]
[WhiteFideId "405647"]
[BlackFideId "6100457"]
[EventDate "2016.09.02"]

1. e4 c5 2. Nf3 d6 3. d4 cxd4 4. Nxd4 Nf6 5. Nc3 g6 6. Be3 Bg7 7. f3 Nc6 8. Qd2
O-O 9. O-O-O d5 10. Qe1 e5 11. Nxc6 bxc6 12. exd5 Nxd5 13. Bc4 Be6 14. Kb1 Qc7
15. Nxd5 cxd5 16. Bxd5 Bxd5 17. Rxd5 Qb7 18. Rd3 a5 19. Bc1 f5 20. Qc3 Kh8 21.
Qb3 Qc7 22. Rhd1 a4 23. Qc3 Qb6 24. Rd7 Rac8 25. Qa3 Qc6 26. c3 Rfe8 27. Qd6 a3
28. Qxc6 Rxc6 29. Rd8 Re6 30. Rxe8+ Rxe8 31. bxa3 e4 32. fxe4 fxe4 33. Kc2 Be5
34. g3 Rc8 35. Bb2 Rf8 36. Rd2 Kg7 37. Re2 Kh6 38. Bc1+ Kh5 39. Rxe4 Rf2+ 40.
Bd2 Bf6 41. Rf4 Rxf4 42. Bxf4 Kg4 43. c4 Be7 44. a4 g5 45. Bb8 Kh3 46. a5 1-0

[Event "42nd Olympiad 2016"]
[Site "Baku AZE"]
[Date "2016.09.06"]
[Round "5.52"]
[Board "4"]
[White "Al Sori, Mohamed"]
[Black "Parraga, Alejandro"]
[Result "1-0"]
[WhiteTitle "CM"]
[WhiteElo "2036"]
[BlackElo "2173"]
[WhiteTeam "Libya"]
[BlackTeam "Bolivia"]
[WhiteFideId "9200711"]
[BlackFideId "3300617"]
[EventDate "2016.09.02"]

1. Nf3 Nf6 2. g3 d5 3. Bg2 c6 4. d4 g6 5. O-O Bg7 6. Nbd2 O-O 7. Ne5 Ng4 8. Ndf3
Nxe5 9. Nxe5 f6 10. Nd3 Qd6 11. Be3 Na6 12. Qc1 Bf5 13. Bh6 e5 14. Bxg7 Kxg7 15.
dxe5 fxe5 16. Qe3 Rfe8 17. h4 d4 18. Qg5 Qe7 19. e4 Qxg5 20. hxg5 Bg4 21. f3 Be6
22. Nxe5 Nb4 23. Rf2 Nxa2 24. Nd3 b6 25. f4 a5 26. f5 Bc4 27. f6+ Kf8 28. e5
Rac8 29. Bh3 Rc7 30. e6 Bxd3 31. cxd3 Nb4 32. Re1 Nd5 33. e7+ Nxe7 34. fxe7+ Kg7
35. Rfe2 b5 36. Bg2 c5 37. Re6 c4 38. Bc6 cxd3 39. Bxe8 d2 40. Rf1 Rc1 41. Rf6
d1=Q 42. Rxd1 Rxd1+ 43. Rf1 1-0

[Event "42nd Olympiad 2016"]
[Site "Baku AZE"]
[Date "2016.09.06"]
[Round "5.57"]
[Board "2"]
[White "Mohammed, Zozek Salah Mohammed"]
[Black "Ng, Tze Han"]
[Result "1-0"]
[WhiteTitle "FM"]
[WhiteElo "2251"]
[BlackElo "2190"]
[WhiteTeam "Iraq"]
[BlackTeam "Malaysia"]
[WhiteFideId "4803361"]
[BlackFideId "5700795"]
[EventDate "2016.09.02"]

1. d4 Nf6 2. c4 e6 3. Nc3 Bb4 4. e3 O-O 5. Ne2 c6 6. a3 Ba5 7. Qc2 d5 8. Ng3
Nbd7 9. Be2 dxc4 10. Bxc4 Nd5 11. O-O Bc7 12. e4 N5b6 13. Ba2 e5 14. Be3 exd4
15. Bxd4 Ne5 16. Rad1 Qh4 17. f3 Nbc4 18. Qe2 b5 19. a4 a6 20. b3 Na5 21. Nf5
Bxf5 22. exf5 Nd3 23. g4 Nf4 24. Qb2 Rad8 25. Bxg7 Rfe8 26. Rxd8 Bxd8 27. Ne4
Rxe4 28. fxe4 Qxg4+ 29. Kh1 Ne2 30. Bb1 Bb6 31. Be5 f6 32. Bd3 fxe5 33. Qxe2
Qxe2 34. Bxe2 Nxb3 35. axb5 axb5 36. f6 Bc5 37. Bh5 Kf8 38. Rb1 Na5 39. Ra1 Bb6
40. Ra2 b4 41. f7 b3 42. Rg2 1-0

[Event "42nd Olympiad 2016"]
[Site "Baku AZE"]
[Date "2016.09.06"]
[Round "5.62"]
[Board "2"]
[White "Choukri, Adel"]
[Black "Yang, ching Wei, Austin"]
[Result "1/2-1/2"]
[WhiteTitle "CM"]
[BlackTitle "FM"]
[WhiteElo "2269"]
[BlackElo "1997"]
[WhiteTeam "Morocco"]
[BlackTeam "Chinese Taipei"]
[WhiteFideId "9000399"]
[BlackFideId "16300440"]
[EventDate "2016.09.02"]

1. d4 Nf6 2. c4 e6 3. Nf3 Bb4+ 4. Nbd2 c5 5. e3 Nc6 6. a3 Bxd2+ 7. Bxd2 d6 8. b4
O-O 9. b5 Ne7 10. Be2 Qc7 11. O-O e5 12. dxe5 dxe5 13. Bc3 Ng6 14. Qc2 b6 15. a4
a5 16. bxa6 Rxa6 17. Qb2 Re8 18. Qb5 Re6 19. Ng5 Rd6 20. Rfd1 h6 21. Rxd6 Qxd6
22. Rd1 Qe7 23. Nf3 Kh7 24. Nd2 Qa7 25. a5 bxa5 26. Nb3 Bd7 27. Qxc5 Ne4 28.
Qxa7 Rxa7 29. Be1 a4 30. Ra1 Rb7 31. Nc1 Kg8 32. Bf3 Bc6 33. Nd3 f5 34. g4 fxg4
35. Bxe4 Bxe4 36. Nc5 Rb1 37. Rxb1 Bxb1 38. Nxa4 Kf7 39. Nc3 Bd3 40. c5 Nh4 41.
f4 Nf3+ 42. Kf2 exf4 43. exf4 Ke6 44. Nd1 1/2-1/2